VietNam, une biographie de publications récentes VietNam, a biography of recent publications
Saved in:
| Main Author: | |
|---|---|
| Format: | Book |
| Language: | Undetermined |
| Published: |
Gérac, Canada
Univ. Laval
1992
|
| Subjects: | |
| Tags: |
Add Tag
No Tags, Be the first to tag this record!
|
| Institutions: | Trung tâm Học liệu Trường Đại học Cần Thơ |
|---|
| LEADER | 00575nam a2200193Ia 4500 | ||
|---|---|---|---|
| 001 | CTU_25468 | ||
| 008 | 210402s9999 xx 000 0 und d | ||
| 082 | |a 016.9597 | ||
| 082 | |b H361 | ||
| 100 | |a Diane Hartie | ||
| 245 | 0 | |a VietNam, une biographie de publications récentes | |
| 245 | 0 | |b VietNam, a biography of recent publications | |
| 245 | 0 | |c Diane Hartie | |
| 260 | |a Gérac, Canada | ||
| 260 | |b Univ. Laval | ||
| 260 | |c 1992 | ||
| 650 | |a bibliography,library publications | ||
| 904 | |i Minh, 980926 | ||
| 980 | |a Trung tâm Học liệu Trường Đại học Cần Thơ | ||